| 000 | 00597nam a22001937a 4500 | ||
|---|---|---|---|
| 005 | 20130614120633.0 | ||
| 010 | _aENG-107455 | ||
| 020 |
_a9789381499023 _c795.00 |
||
| 035 | _aEN-90988 | ||
| 037 | _bDBAD/PUB | ||
| 082 | _a572 | ||
| 100 | _aSharma, S.K. | ||
| 245 |
_aAnthropology : _cby S.K.Sharma _bdevelopment and modern challenges / |
||
| 260 |
_aNew Delhi _bShakti Publishers and Distributors _c2011 |
||
| 270 |
_aH-12, Jagat Puri, _bDelhi _e110051 |
||
| 300 |
_a264p. _c22cm(Hb) |
||
| 500 | _aIncludes bibliographical references and index | ||
| 942 |
_2ddc _cEN _mSHA _h572 |
||
| 999 |
_c76385 _d76385 |
||